Russian Flags in History + Some Fictional Ones - Statistics

General Stats
  • This quiz has been taken 28 times
  • The average score is 5 of 9
Answer Stats
Picture Answer % Correct
Russian Empire
100%
Russian Federation
100%
USSR
100%
Tsardom of Russia
70%
Belarus Russia
52%
Islamic Russia
39%
Qing Russia
30%
Democratic Russia
17%
Fascist Russia
17%
No matching quizzes found
Score Distribution
Percent of People with Each Score
Percentile by Number Answered
Your Score History
You have not taken this quiz